000 00770nam a22002297a 4500
005 20170124110020.0
010 _aA-823069
020 _c00.00
_a817036566X
035 _aA-823069
037 _bCen Lib/ Ret
040 _aDPL
_bEN
082 _a338.4768531
_bKNO
100 _aKnorringa, Peter
_9109749
245 _aEconomics of collaboration :
_cby Peter Knorringa
_bindian shoemakers between market and hierarchy /
260 _aNew Delhi
_bSage Publication
_c1996
270 _aM-32, Greater Kailash Market
_bNew Delhi
_e110048
300 _a219p. :
_c21cm(Hb)
_bill.
500 _aIncludes bibliographical references and index.
650 _aFootwear industry
_9109750
650 _aShoemakers
_9109751
942 _2ddc
_cEN
_h338.4768531
_mKNO
999 _c127126
_d127126